Aktívne manažovanie zefektívňovania procesov logistických systémov
Gespeichert in:
| 1. Verfasser: | |
|---|---|
| Format: | Buch |
| Sprache: | Slowakisch |
| Veröffentlicht: |
Bratislava :
STU v Bratislave,
2008
|
| Schlagworte: | |
| Online-Zugang: | OBSAH |
| Tags: |
Keine Tags, Fügen Sie das erste Tag hinzu!
|
MARC
| LEADER | 00000nam a22000003a 4500 | ||
|---|---|---|---|
| 001 | stu172858 | ||
| 005 | 20221209143117.9 | ||
| 008 | 081015s2008----xo------------------slo-d | ||
| 020 | |a 978-80-227-2980-2 | ||
| 040 | |a STU |b slo | ||
| 041 | 0 | |a slo | |
| 044 | |a xo | ||
| 080 | |a 658.7 | ||
| 100 | 1 | |a Cibulka, Viliam, |d 1948- |4 aut |u M190 |9 100 |U MTF Materiálovotechnologická fakulta |T MTF Katedra priemyselného inžinierstva a manažmentu |X 37983 |U M190 |Y 167 |7 A000037983 | |
| 245 | 1 | |a Aktívne manažovanie zefektívňovania procesov logistických systémov | |
| 260 | |a Bratislava : |b STU v Bratislave, |c 2008 | ||
| 300 | |a 152 s | ||
| 650 | 7 | |a logistika |2 stusub | |
| 650 | 7 | |a logistické systémy |2 stusub | |
| 856 | 4 | |a https://sweb.mtf.stuba.sk/obsahy/aktivne_manazovanie_zefektivnovania_logistickych_systemov_08.pdf |u https://sweb.mtf.stuba.sk/obsahy/aktivne_manazovanie_zefektivnovania_logistickych_systemov_08.pdf |3 OBSAH | |
| 996 | |b 284M069743 |c M*12451-3 |l MMKN |s A |a 24 |w stu172858_0001 | ||
| 996 | |b 284M069744 |c M*12451-4 |l MMKN |s A |a 24 |w stu172858_0002 | ||
| 996 | |b 284M069741 |c M*12451-1 |l MMKN |s A |a 24 |w stu172858_0003 | ||
| 996 | |b 284M069742 |c M*12451-2 |l MMKN |s A |a 24 |w stu172858_0004 | ||